000 00374nam a2200157Ia 4500
008 240729s9999 xx 000 0 und d
022 _a2644-5247
245 0 _aRaptor Journal
260 _aPoland
260 _bSciendo
650 _a Zoology
650 _aScience
856 _uhttps://doaj.org/toc/d0fbce9c76c449599b74ca0bfc7dd732
942 _2ddc
942 _cDOAJEJ
999 _c70687
_d70687
945 _a1
_bMadushi Gamage
_c1
_dMadushi Gamage